00335nam a22001217a 4500003000400000008004100004020001800045100001800063245003000081260004100111300001100152650005000163OSt200713b ||||| |||| 00| 0 eng d a9788185731896 aKamboj , P.C. aPharmaceutical Analysis-2 aNew DelhibVallabh Publicationc2019 aPg-504 aPharmaceutical Analysis and Quality Assurance